000
00311nam a22001217a 4500
082
_a
621 KEH'C
100
_a
CARMICHAEL, COLIN
_9
78853
245
_a
KENTS MECHANICAL ENGINEERS HANDBOOK DESIGN AND PRODUCTION
250
_a
12TH
260
_a
NEWYORK
_b
JOHN WILEY
_c
1950
300
_a
28-60 VOL 1&2
942
_c
BK
999
_c
583921
_d
583921